Word Chain - Soccer - Statistics

General Stats
  • This quiz has been taken 2,633 times
  • The average score is 22 of 26
Answer Stats
Hint Answer % Correct
Liverpool anthem: You'll never walk _____ Alone
94%
Number of players per side on the field Eleven
94%
"Orange" national team Netherlands
94%
Glasgow Rangers rival Celtic
92%
Football club from Amsterdam Ajax
91%
Football club from Bilbao Athletic
91%
When a player scores three goals in a game Hattrick
91%
What a raised flag by the assistant referee means Offside
91%
The other team from Liverpool Everton
89%
2002 World Cup top scorer Ronaldo
89%
Long-time FC Barcelona midfielder Xavi
89%
World governing body of football FIFA
88%
Famously provocative Swedish striker Ibrahimovic
88%
Most expensive player ever (2017) Neymar
88%
FC Barcelona home venue: Camp ___ Nou
88%
Only player to have won three World Cups Pelé
86%
Team owned by magnate Abramovich Chelsea
82%
1970s Dutchman who wore shirt number 14 Cruyff
82%
European governing body of football UEFA
81%
England and MUFC all-time top scorer Rooney
80%
British term for soccer field Pitch
78%
Soviet goalkeeper and 1963 Ballon d'Or winner Yashin
71%
Material that the first footballs were made of Leather
70%
The other team from Barcelona Espanyol
65%
Match opposing the league and the national cup winners Supercup
54%
Three-letter word for a stadium's most active tiers Kop
48%
No matching quizzes found
Score Distribution
Percent of People with Each Score
Percentile by Number Answered
Your Score History
You have not taken this quiz